[Event "IND-ch U20"]
[Site "Chennai"]
[Date "2009.09.25"]
[Round "8"]
[White "Satyajit, Kundu"]
[Black "Karthikeyan, Pandian"]
[Result "1-0"]
[WhiteElo "2180"]
[BlackElo "2449"]
[PlyCount "133"]
[EventDate "2009.09.20"]
[EventType "swiss"]
[EventRounds "11"]
[EventCountry "IND"]
[SourceTitle "CBM 132 Extra"]
[Source "ChessBase"]
[SourceDate "2009.11.03"]
[SourceVersion "1"]
[SourceVersionDate "2009.11.03"]
[SourceQuality "1"]

1. e4 e5 2. Nf3 Nc6 3. c3 d5 4. Qa4 dxe4 5. Nxe5 Qd5 6. Nxc6 bxc6 7. Bc4 Qd6 8. d3 exd3 9. 0-0 Be7 10. Bxd3 Nf6 11. Bf4 Qd7 12. Rd1 Bd6 13. Bf5 Qxf5 14. Qxc6+ Qd7 15. Qxa8 0-0 16. Qf3 Qb5 17. Bxd6 cxd6 18. Na3 Qxb2 19. Nc4 Qb8 20. Qg3 Ne4 21. Qd3 d5 22. Ne3 Bb7 23. f3 Nf6 24. Qd4 h5 25. Rab1 Qa8 26. Nf5 Ba6 27. Qf4 Qd8 28. Qd6 Qxd6 29. Nxd6 Rd8 30. Ne4 Bc4 31. Nxf6+ gxf6 32. a3 Rd6 33. Rb4 Re6 34. Rb2 Re3 35. Rc1 Kg7 36. Kf2 Rd3 37. a4 a6 38. a5 Kg6 39. Kg3 Kg5 40. h4+ Kf5 41. Rb7 Rd2 42. Rxf7 Ra2 43. Rh7 Kg6 44. Rb7 Rxa5 45. Kf4 Ra4 46. Rb4 Ra2 47. g4 hxg4 48. fxg4 Rf2+ 49. Kg3 Re2 50. Rf1 Re6 51. Rf4 a5 52. Ra4 Ra6 53. Rf2 Ra7 54. Rb2 Re7 55. Rxa5 Re3+ 56. Kf4 Re1 57. Rf2 Re4+ 58. Kg3 Be2 59. Rf4 Re5 60. Rc5 Re6 61. Rxd5 Rc6 62. h5+ Kg7 63. Rd7+ Kh8 64. Re4 Rxc3+ 65. Kh4 Bc4 66. Re8+ Bg8 67. Rdd8 1-0

[Event "IND-ch U20"]
[Site "Chennai"]
[Date "2009.09.23"]
[Round "5"]
[White "Satyajit, Kundu"]
[Black "Swayams, Mishra"]
[Result "0-1"]
[WhiteElo "2180"]
[BlackElo "2259"]
[PlyCount "150"]
[EventDate "2009.09.20"]
[EventType "swiss"]
[EventRounds "11"]
[EventCountry "IND"]
[SourceTitle "CBM 132 Extra"]
[Source "ChessBase"]
[SourceDate "2009.11.03"]
[SourceVersion "1"]
[SourceVersionDate "2009.11.03"]
[SourceQuality "1"]

1. d4 Nf6 2. Nc3 d5 3. Bg5 e6 4. e4 Bb4 5. e5 h6 6. Bd2 Bxc3 7. bxc3 Ne4 8. Bd3 Nxd2 9. Qxd2 c5 10. Nf3 Qa5 11. a4 Bd7 12. 0-0 c4 13. Be2 Bc6 14. Nh4 g5 15. Nf3 Nd7 16. Ne1 0-0-0 17. f4 f5 18. exf6 Nxf6 19. Qe3 Ne4 20. Ra3 Qc7 21. Bg4 Kb8 22. fxg5 hxg5 23. Nf3 Rdf8 24. h3 Qg3 25. Qe1 Qd6 26. Ra1 Be8 27. a5 Bg6 28. a6 Bf5 29. Ne5 b6 30. Qe3 Bxg4 31. Rxf8+ Rxf8 32. hxg4 Qc7 33. Rf1 Rxf1+ 34. Kxf1 Qc8 35. Qh3 Qxa6 36. Qh7 Qa1+ 37. Ke2 Nxc3+ 38. Kd2 Ne4+ 39. Ke2 Ng3+ 40. Kf2 Qxd4+ 41. Kxg3 Qxe5+ 42. Kh3 d4 43. Qd7 Qd5 44. Qe8+ Kb7 45. Qe7+ Ka6 46. Qa3+ Qa5 47. Qf8 Qc5 48. Qe8 Qd5 49. Qc8+ Ka5 50. Qf8 d3 51. Qa3+ Kb5 52. Qb2+ Kc6 53. cxd3 Qxd3+ 54. g3 Qh7+ 55. Kg2 Qe4+ 56. Kh2 Qxg4 57. Qe5 Qf5 58. Qb8 Qh7+ 59. Kg1 Qd7 60. Qe5 Qd6 61. Qc3 e5 62. Kh2 Qd4 63. Qf3+ Kb5 64. Qf7 a5 65. Qe8+ Kb4 66. Qe7+ Qc5 67. Qxg5 c3 68. Qc1 c2 69. Qb2+ Ka4 70. Qa2+ Kb5 71. Qb3+ Ka6 72. Qd3+ Kb7 73. Qf3+ Qc6 74. Qf7+ Qc7 75. Qd5+ Ka7 0-1